| 000 -ლიდერი |
| ფიქსირებული სიგრძის საკონტროლო ველი |
02390nam a2200301Ia 4500 |
| 001 - საკონტროლო ნომერი |
| საკონტროლო ველი |
19727 |
| 003 - საკონტროლო ნომრის იდენტიფიკატორი |
| საკონტროლო ველი |
GE_BSU |
| 005 - ბოლო ოპერაციის თარიღი და დრო |
| საკონტროლო ველი |
20200411173552.0 |
| 008 - ფიქსირებული სიგრძის მონაცემთა ელემენტები - ზოგადი ინფორმაცია |
| ფიქსირებული სიგრძის საკონტროლო ველი |
181216s2015||||ge |||||||||||||| ||geo|| |
| 020 ## - წიგნის საერთაშორისო სტანდარტული ნომერი |
| International Standard Book Number |
9789941082689 |
| 040 ## - კატალოგიზაციის წყარო |
| Transcribing agency |
GE_BSU |
| 041 ## - ენის კოდი |
| Language code of text/sound track or separate title |
geo |
| 080 ## - უნივერსალური ათობითი კლასიფიკაციის ინდექსი |
| Universal Decimal Classification number |
342.52(479.22) ს-32 |
| 245 ## - ცნობა სათაურის შესახებ |
| Title |
საქართველოს სახელმწიფოს ხელმძღვანელები ტ. 6 : აკაკი ასათიანი საქართველოს რესპუბლიკის უზენაესი საბჭოს თავმჯდომარე (1991 წლის აპრილი - 1991 წლის დეკემბერი) : |
| Remainder of title |
ოფიციალური დოკუმენტები, ინტერვიუები, მიმართვები / |
| Statement of responsibility, etc |
რედაქტორ - შემდგენლები : მზია ხოსიტაშვილი, ემზარ ჯგერენაია ; იდეის ავტორი ემზარ ჯგერენაია. |
| 264 ## - წარმოების, გამოცემის, დისტრიბუციის და სხვა ცნობები |
| გამოცემის, წარმოების, დისტრიბუციის... ადგილი |
თბილისი : |
| გამოცემის, წარმოების, დისტრიბუციის... სახელწოდება |
ირიდა, |
| გამოცემის, წარმოების, დისტრიბუციის... თარიღი |
2015. |
| 300 ## - ფიზიკური აღწერა |
| Extent |
265 გვ. ; |
| Dimensions |
22 სმ |
| 490 ## - სერიის ცნობა |
| Series statement |
საქართველოს სახელმწიფოს ხელმძღვანელები |
| 500 ## - ზოგადი შენიშვნა |
| General note |
საძიებლები გვ. : 224-247 |
| 504 ## - BIBLIOGRAPHY, ETC. NOTE |
| Bibliography, etc |
ბიბლიოგრაფიული საძიებელი გვ. : 248-265 |
| 653 ## - INDEX TERM--UNCONTROLLED |
| Uncontrolled term |
აკაკი ასათიანი |
| 653 ## - INDEX TERM--UNCONTROLLED |
| Uncontrolled term |
საქართველოს უზენაესი საბჭოს თავჯდომარის ოფიციალური დოკუმენტები |
| 653 ## - INDEX TERM--UNCONTROLLED |
| Uncontrolled term |
სამართალი |
| 700 ## - ADDED ENTRY--PERSONAL NAME |
| Personal name |
ხოსიტაშილი, მზია |
| Relator term |
რედაქტორ-შემდგენელი |
| 9 (RLIN) |
7895 |
| 700 ## - ADDED ENTRY--PERSONAL NAME |
| Personal name |
ჯგერენაია, ემზარ |
| Relator term |
რედაქტორ-შემდგენელი |
| 9 (RLIN) |
7896 |
| 710 ## - ADDED ENTRY--CORPORATE NAME |
| Corporate name or jurisdiction name as entry element |
საქართველოს პარლამენტის ეროვნული ბიბლიოთეკა |
| 9 (RLIN) |
7897 |
| 710 ## - ADDED ENTRY--CORPORATE NAME |
| Corporate name or jurisdiction name as entry element |
პარლამენტის სამეცნიერო-საინფორმაციო უზრუნველყოფის განყოფილება |
| 9 (RLIN) |
7898 |
| 942 ## - ADDED ENTRY ELEMENTS (KOHA) |
| Koha item type |
წიგნი |
| Source of classification or shelving scheme |
|